Yüklüyor......

English language teaching - an integrated approach

Detaylı Bibliyografya
Yazar: Parvathikutty M
Materyal Türü: Electronic Thesis
Dil:English
Konular:
Online Erişim:http://hdl.handle.net/10603/13029
LEADER 00691nam a2200217Ia 4500
001 11622
008 190202t ii ||||fom||| 00| 0 eng d
100 |a Parvathikutty M 
245 |a English language teaching - an integrated approach 
300 |a 200p. 
502 |a Thesis (Ph. D.) -- Department of English, University of Calicut, 2009. 
504 |a Includes bibliographical references (p. 188-200) and abstract. 
546 |a English 
653 |a  English 
653 |a English language teaching 
653 |a English language teaching | English 
653 |a English literature 
796 |a Mary K A 
856 |u http://hdl.handle.net/10603/13029 
952 |a ON  |c ETD  |y ETD 
999 |c etd11622